000 00357nam a22001217a 4500
040 _cHS
082 _a620
100 _aង៉ោ ប៊ុនថាន
245 _astrength of materials ភាពធន់ទ្រាំនៃសំភារៈបរិក្ខា
260 _aRUA
_bង៉ោ ប៊ុនថាន
_c1997
300 _a150p;
942 _cKB
999 _c9984
_d9984